Propuestas de mejoramiento de la calidad ambiental del barrio Villa Tepetape Sur en la ciudad de Granada, departamento de Granada, Nicaragua con criterios de sustentabilidad

Presenta caracterización del sitio de instrumental teórico practico conformado por un sistema de indicadores que permite la ponderación y comprensión del estado del ambiente con relación al medio construido, además presenta propuesta preliminares del proyecto para el mejoramiento del medio con...

Full description

Bibliographic Details
Main Author: Rodríguez Montano, Silvia Verónica
Other Authors: Tutor: Gómez Ortega, Graciela Dionides
Format: Tesis Section = Libro
Language:Undetermined
Spanish
Published: Managua UNI 2011
Subjects:
LEADER 01291nam a2200241Ia 4500
008 240830s9999 xx 000 0 und d
040 |a BIBLIOTECA-RUSB/ T.Mon 711.4 R696 
041 |a spa 
082 |a T.Mon 711.4 R696 
100 1 |a Rodríguez Montano, Silvia Verónica 
245 1 0 |a Propuestas de mejoramiento de la calidad ambiental del barrio Villa Tepetape Sur en la ciudad de Granada, departamento de Granada, Nicaragua con criterios de sustentabilidad 
260 |a Managua  |b UNI  |c 2011 
300 |a 144 p. :il. 
502 |a Tesis (Arquitecto) - UNI, 2011. 
520 3 |a Presenta caracterización del sitio de instrumental teórico practico conformado por un sistema de indicadores que permite la ponderación y comprensión del estado del ambiente con relación al medio construido, además presenta propuesta preliminares del proyecto para el mejoramiento del medio construido que permitan elevar la calidad de vida de los pobladores con criterios de sustentabilidad. 
650 7 |a URBANISMO - PLANIFICACIÓN DEL ESPACIO 
650 7 |b  PLANES Y PLANIFICACIÓN LOCAL - CIUDAD 
650 7 |c  SISTEMA URBANO - CALIDAD AMBIENTAL 
650 7 |d  REHABILITACIÓN URBANA 
700 1 |a Tutor:  |b Gómez Ortega, Graciela Dionides 
942 |c BK  |2 ddc 
991 |a TESIS 
999 |c 22000